| 000 | 00355 a2200133 4500 | ||
|---|---|---|---|
| 005 | 20250702080933.0 | ||
| 020 | _a978-0-857-50100-4 | ||
| 082 | _aHAW | ||
| 100 | _aHAWKING, S. | ||
| 245 | _aA Brief History of Time: From the Big Bang to Black Holes, | ||
| 260 |
_aNew York, _bPenguin Random House, _c2016. |
||
| 300 |
_ax, 253p,: _c19.7cm |
||
| 942 |
_2ddc _cBKS |
||
| 999 |
_c6559 _d6559 |
||